000 00869nam a22002417a 4500
005 20260428155002.0
008 260428b |||||||| |||| 00| 0 eng d
020 _a9789352874644 (hbk)
037 _cREF
040 _aCRL
_cCRL
041 _2eng
_aeng
084 _aV2 Q9 (RR)
_qCRL
245 _aHidtory and theory:
_bthestudy of state, institutions and the making of History
260 _aHyderabad, India:
_bOrient Blackswan Private Limited,
_c2019.
300 _axxi, 338p.
365 _b1805.00
_cINR
650 _aHistory
650 _aIndia History
700 _aSahu, Bhairabi Prasad
_eeditor.
_91235859
700 _aVeluthat, Kesavan
_eeditor.
_9864304
942 _2CC
_cREF
_hV2 Q9 (RR)
_n0
999 _c1848605
_d1848605